|
|
|
|
| LEADER |
01373nam a2200373 a 4500 |
| 001 |
000647790 |
| 003 |
CZ BrMZK |
| 005 |
20041210103511.0 |
| 007 |
ta |
| 008 |
030122s2001 xr f cze d |
| 015 |
|
|
|a cnb001202975
|
| 020 |
|
|
|a 80-85868-40-7
|
| 035 |
|
|
|a (OCoLC)53272112
|
| 040 |
|
|
|a BOA001
|b cze
|
| 043 |
|
|
|a e-xr---
|b e-xr-st
|2 czenas
|
| 080 |
|
|
|a 911.5
|2 MRF
|
| 080 |
|
|
|a (437.312)
|2 MRF
|
| 080 |
|
|
|a (036)
|2 MRF
|
| 080 |
|
|
|a (084.12)
|2 MRF
|
| 100 |
1 |
|
|a Škoudlínová, Alena,
|d 1956-
|7 ola2003191777
|4 com
|4 aut
|
| 245 |
1 |
0 |
|a Významné krajinné prvky okresu Rakovník /
|c [z odborných materiálů sestavila Alena Škoudlínová ; foto: Pavel Mudra]
|
| 260 |
|
|
|a Rakovník :
|b Rabasova galerie,
|c 2001
|
| 300 |
|
|
|a 23 s. :
|b il. ;
|c 21 cm
|
| 500 |
|
|
|a Název z obálky
|
| 500 |
|
|
|a Vydavatel: Okresní úřad Rakovník
|
| 650 |
0 |
7 |
|a krajina
|7 ph115006
|z Česko
|2 czenas
|
| 655 |
|
7 |
|a informační publikace
|7 fd132454
|2 czenas
|
| 655 |
|
7 |
|a fotografické publikace
|7 fd132276
|2 czenas
|
| 651 |
|
7 |
|a Rakovník (Česko : okres : 1960-)
|7 ge130616
|2 czenas
|
| 700 |
1 |
|
|a Mudra, Pavel,
|d 1955-
|7 pna2004261731
|4 pht
|
| 710 |
1 |
|
|a Rakovník (Česko : okres : 1960-).
|b Okresní úřad
|7 kn20030326005
|
| 910 |
|
|
|a BOA001
|b 2-1113.002
|
| 990 |
|
|
|a BK
|
| 996 |
6 |
|
|b 2610180203
|c 2-1113.002
|l MZK
|r Sklad / do 1 hodiny
|n 1
|p p.v.
|w 000647790
|u 000010
|a 1
|e BOA001
|j MZK50
|s P
|